<?xml version="1.0" encoding="UTF-8"?>
<marc:record xmlns:marc="http://www.loc.gov/MARC21/slim">
   <marc:leader>00000nam a2200000 a 4500</marc:leader>
   <marc:datafield ind1="1" ind2=" " tag="100">
      <marc:subfield code="a">Power, Chris</marc:subfield>
      <marc:subfield code="4">aut</marc:subfield>
      <marc:subfield code="e">Verfasser/-in</marc:subfield>
   </marc:datafield>
   <marc:datafield ind1="0" ind2="0" tag="245">
      <marc:subfield code="a">Ein einsamer Mann</marc:subfield>
   </marc:datafield>
   <marc:datafield ind1="0" ind2="0" tag="245">
      <marc:subfield code="b">Roman</marc:subfield>
   </marc:datafield>
   <marc:datafield ind1="0" ind2="0" tag="245">
      <marc:subfield code="c">Power, Chris</marc:subfield>
   </marc:datafield>
   <marc:datafield ind1=" " ind2="1" tag="264">
      <marc:subfield code="a">Berlin</marc:subfield>
      <marc:subfield code="b">Ullstein</marc:subfield>
      <marc:subfield code="c">2022</marc:subfield>
   </marc:datafield>
   <marc:datafield ind1="1" ind2=" " tag="520">
      <marc:subfield code="a">Angaben aus der Verlagsmeldung

Ein einsamer Mann : Roman | Ein Schriftsteller und die Schattenwelten russischer Politik || Literarische Spannung à la John le Carré A Lonely Man / von Chris Power

Sind manche Geschichten zu gefährlich, um sie zu erzählen?

Robert, ein britischer Expat, ist Schriftsteller und lebt mit seiner Frau und seinen beiden Töchtern in Berlin. Zufällig macht er die Bekanntschaft von Patrick, auch er Brite, doch keineswegs so fest im bürgerlichen Leben verankert wie Robert. Als ehemaliger Ghostwriter des ermordeten russischen Oligarchen Sergei Vanyashin, einem Feind des Kreml, fühlt sich Patrick verfolgt und bedroht. Robert hält Patrick für paranoid, ist gleichwohl fasziniert von dessen Geschichte, und sieht in ihr die Chance, seine Schreibblockade zu überwinden. Dann geschehen seltsame Dinge. Aber Robert klammert sich an den Glauben, weiterhin in der sogenannten Normalität zu leben. Hält seinen Glauben für Vernunft, Roberts Geschichte für die Einbildung eines verwirrten Geistes. Die Schattenwelt, die Patrick beschreibt, mag existieren, aber er ist doch kein Teil davon. Oder doch? 

</marc:subfield>
   </marc:datafield>
   <marc:datafield ind1=" " ind2=" " tag="020">
      <marc:subfield code="a">9783550050565</marc:subfield>
      <marc:subfield code="9">9783550050565</marc:subfield>
   </marc:datafield>
   <marc:datafield ind1=" " ind2=" " tag="020">
      <marc:subfield code="a">3550050569</marc:subfield>
      <marc:subfield code="9">3550050569</marc:subfield>
   </marc:datafield>
   <marc:datafield ind1=" " ind2=" " tag="041">
      <marc:subfield code="a">ger</marc:subfield>
   </marc:datafield>
   <marc:datafield ind1=" " ind2=" " tag="338">
      <marc:subfield code="a">Band</marc:subfield>
   </marc:datafield>
   <marc:datafield ind1=" " ind2=" " tag="300">
      <marc:subfield code="a">312 Seiten</marc:subfield>
   </marc:datafield>
</marc:record>
